LEADER 01054nam0-2200325---450- 001 990009168670403321 005 20100406120248.0 010 $a0918456630 035 $a000916867 035 $aFED01000916867 035 $a(Aleph)000916867FED01 035 $a000916867 100 $a20100406d1989----km-y0itay50------ba 101 0 $aeng 102 $aUS 105 $ay-------001yy 200 1 $aAmerican and Canadian doctoral dissertations and master?s theses on Africa, 1974-1987$fcompiled by Joseph J. Lauer, Gregory V. Larkin & Alfred Kagan 210 $aAtlanta, Ga.$cCrossroads Press, Emory University$d1989 215 $axix, 377 p.$d29 cm 676 $a016.96$v20$zita 702 1$aKagan,$bAlfred 702 1$aLauer,$bJoseph J. 702 1$aLarkin,$bGregory V. 801 0$aIT$bUNINA$gRICA$2UNIMARC 901 $aBK 912 $a990009168670403321 952 $aXIV E 3390$b9815$fFSPBC 959 $aFSPBC 996 $aAmerican and Canadian doctoral dissertations and master?s theses on Africa, 1974-1987$91499574 997 $aUNINA LEADER 01382nam0-2200409---450- 001 990000969730203316 005 20091211130405.0 010 $a88-13-18583-9 035 $a0096973 035 $aUSA010096973 035 $a(ALEPH)000096973USA01 035 $a0096973 100 $a20020219d1995----km-y0ITAy01------ba 101 $aita 102 $aIT 105 $a||||||||001yy 200 1 $aCodice penale pel Granducato di Toscana 1853$fpresentazione di Mario Da Passano ... 205 $aRist. anast 210 $aPadova$cCEDAM$d1995 215 $a1 v. (paginazione varia)$d25 cm 225 $aCasi, fonti e studi per il diritto penale$hSer. 2$iLe fonti$v5 410 1$12001$aCasi, fonti e studi per il diritto penale$hSer. 2$iLe fonti$v5 606 $aCodice penale$yToscana < 676 $a345.455002632 702 1$aDA PASSANO,$bMario 710 02$aToscana $0262230 801 0$aIT$bsalbc$gISBD 912 $a990000969730203316 951 $aXXVI.1. Coll. 4/ 5 (COLL HOR 5)$b8114 G$cXXVI.1. Coll. 4/ 5 (COLL HOR)$d00249415 959 $aBK 969 $aGIU 979 $aPATTY$b90$c20020219$lUSA01$h1445 979 $c20020403$lUSA01$h1739 979 $aPATRY$b90$c20040406$lUSA01$h1707 979 $aRSIAV5$b90$c20091211$lUSA01$h1304 996 $aCodice penale pel Granducato di Toscana (1853$9679393 997 $aUNISA